Statistics for Every Person who Scored a Goal in the FIFA 2022 World Cup

Click here to take the quiz!

General Stats

  • This quiz has been taken 21 times
  • The average score is 46 of 117

Answer Stats

CountryPerson% Correct
FranceKylian Mbappé
100%
ArgentinaLionel Messi
100%
ArgentinaJulián Álvarez
94%
FranceOlivier Giroud
94%
PortugalCristiano Ronaldo
88%
EnglandHarry Kane
88%
BrazilNeymar
88%
EcuadorEnner Valencia
82%
BrazilRicharlison
82%
PolandRobert Lewandowski
82%
SpainÁlvaro Morata
76%
EnglandBukayo Saka
71%
NetherlandsCody Gakpo
71%
SerbiaAleksander Mitrovic
65%
CanadaAlphonso Davies
65%
ArgentinaAngel Di Maria
65%
WalesGareth Bale
65%
PortugalGonçalo Ramos
65%
EnglandMarcus Rashford
65%
GermanySerge Gnabry
65%
CameroonVincent Aboubakar
65%
SenegalBoulaye Dia
59%
PortugalBruno Fernandes
59%
SpainGavi
59%
MoroccoHakim Ziyech
59%
MexicoHenry Martin
59%
GermanyKai Havertz
59%
EnglandRaheem Sterling
59%
CroatiaAndrej Kramarić
53%
SwitzerlandBreel Embolo
53%
United StatesChristian Pulisic
53%
CroatiaIvan Perisic
53%
EnglandJude Bellingham
53%
NetherlandsMemphis Depay
53%
SpainFerran Torres
47%
NetherlandsFrenkie de Jong
47%
EnglandJordan Henderson
47%
IranMehdi Taremi
47%
PolandPiotr Zielinski
47%
FranceRandal Kolo Muani
47%
United StatesTimothy Weah
47%
BrazilVinícius Junior
47%
SwitzerlandXherdan Shaqiri
47%
MoroccoYoussef En-Nesyri
47%
GhanaAndre Ayew
41%
SerbiaDusan Vlahovic
41%
UruguayGiorgian de Arrascaeta
41%
GermanyIlkay Gundogan
41%
EnglandJack Grealish
41%
PortugalJoao Felix
41%
BelgiumMichy Batshuayi
41%
CroatiaMislav Orsic
41%
GhanaMohammed Kudus
41%
PortugalRafael Leao
41%
FranceTheo Hernandez
41%
NetherlandsWout Weghorst
41%
FranceAurélien Tchouameni
35%
CroatiaBruno Petkovic
35%
BrazilCasemiro
35%
SpainDani Olmo
35%
CroatiaJosko Gvardiol
35%
EnglandPhil Foden
35%
FranceAdrien Rabiot
29%
ArgentinaAlexis Mac Allister
29%
JapanDaizen Maeda
29%
ArgentinaEnzo Fernandez
29%
South KoreaHwang Hee-chan
29%
SenegalKalidou Koulibaly
29%
BrazilLucas Paqueta
29%
ArgentinaNahuel Molina
29%
GermanyNiclas Fullkrug
29%
PortugalRaphael Guerreiro
29%
JapanRitsu Doan
29%
Saudi ArabiaSalem Al-Dawsari
29%
SerbiaSergej Milinkovic-Savic
29%
TunisiaWahbi Khazri
29%
DenmarkAndreas Christensen
24%
SpainCarlos Soler
24%
NetherlandsDavy Klaassen
24%
CameroonEric Maxim Choupo-Moting
24%
SenegalIsmaila Sarr
24%
CroatiaMarko Livaja
24%
AustraliaMathew Leckie
24%
AustraliaMitchell Duke
24%
South KoreaPaik Seung-ho
24%
JapanTakuma Asano
24%
SenegalBamba Dieng
18%
AustraliaCraig Goodwin
18%
NetherlandsDaley Blind
18%
CameroonJean-Charles Castelletto
18%
CroatiaLovro Majer
18%
MexicoLuis Chavez
18%
SpainMarco Asensio
18%
QatarMohammed Muntari
18%
EcuadorMoises Caicedo
18%
PortugalPepe
18%
MoroccoRomain Saiss
18%
MoroccoZakaria Aboukhlal
18%
MoroccoAchraf Dari
12%
JapanAo Tanaka
12%
South KoreaCho Gue-sung
12%
SenegalFamara Diedhiou
12%
United StatesHaji Wright
12%
Costa RicaJuan Pablo Vargas
12%
Costa RicaKeysher Fuller
12%
GhanaMohammed Salisu
12%
GhanaOsman Bukari
12%
PortugalRicardo Horta
12%
IranRouzbeh Cheshmi
12%
SerbiaStrahinja Pavlovic
12%
Costa RicaYeltsin Tejeda
12%
NetherlandsDenzel Dumfries
6%
South KoreaKim Young-gwon
6%
SwitzerlandManuel Akanji
6%
IranRamin Rezaeian
6%
SwitzerlandRenmo Freuler
6%
Saudi ArabiaSaleh Al-Shehri
6%

Score Distribution

Percentile by Number Answered

Percent of People with Each Score

Your Score History

You have not taken this quiz